000 00312nam a2200109Ia 4500
008 171211s9999 xx 000 0 und d
245 _aBeginning Fedora Desktop: Fedora 20 Edition
245 _cRichard Petersen
260 _c2014
650 _xSOFTWARE
856 _uhttp://down.ebook777.com/062/9781484200681.pdf
999 _c349340
_d349340